Grey's Anatomy Surnames Quiz Stats

 Plays Quiz Updated Nov 12, 2018

     
Support Sporcle.
Go Orange.
Score 0/24 Timer 06:00
16 Plays Today
First Name Last Name % Correct
MeredithGrey
99.7%
LexieGrey
99.7%
AmeliaShepherd
97.4%
DerekShepherd
94.7%
CristinaYang
94.4%
IzzieStevens
90.4%
MirandaBailey
90.2%
JacksonAvery
87.3%
AlexKarev
86.5%
MarkSloan
86.4%
PrestonBurke
84.9%
GeorgeO'Malley
84.2%
First Name Last Name % Correct
AprilKepner
81.4%
AddisonMontgomery
79.3%
CallieTorres
76.7%
RichardWebber
74.7%
OwenHunt
72.8%
JoWilson
70.8%
ArizonaRobbins
66.7%
EricaHahn
64%
DennyDuquette
59%
SadieHarris
19.6%
FinnDandridge
15%
OliviaHarper
12.8%

From the Vault

30 Facts That Start with 'C'

by QuizzleMyShizzle

'C' is for cookie, except when it's being used by all these other 'C' words.
Remove Ads.
Support Sporcle.
Get the best of Sporcle when you Go Orange. This ad-free experience offers more features, more stats, and more fun while also helping to support Sporcle. Thank you for becoming a member.

Show Comments

Extras

Top Quizzes Today


Score Distribution

Your Account Isn't Verified!

In order to create a playlist on Sporcle, you need to verify the email address you used during registration. Go to your Sporcle Settings to finish the process.

Report this User

Report this user for behavior that violates our Community Guidelines.

Details: